00313nam a2200121Ia 4500008004100000041000800041082001100049100002800060245002700088260003500115300003000150365001100180240624s9999 xx 000 0 und d aeng a823 BT aTHE BUSINESS TODAY TEAM aBEST ADVICE I EVER GOT c2010aNew DelhibHarperCollins avi, : 142 : p. : cm. ; 18 cRSb25